Представление документа в формате MARC21

Поле Инд. ПП Название Значение
Тип записи a
Библиографический уровень m
001 Контрольный номер 72735f05-dc0d-11da-b02a-008048b56a28
005 Дата корректировки 20140703144132.5
008 Кодируемые данные 060505
020 a ISBN 5-8001-0231-2
c Цена, тираж 147.00
040 a Служба первич. каталог. НБ ТвГУ
041 a Код языка текста rus
080 a Индекс УДК 330.45(075.8)
084 a Индекс другой классификации/Индекс ББК У.в635я73-1
a Индекс другой классификации/Индекс ББК У.в631я73-1
090 x Авторский знак В68
a Полочн. индекс У.в635
100 1_ a Автор Волошин Геннадий Яковлевич
245 10 a Заглавие Методы оптимизации в экономике
b Продолж. заглавия учеб. пособие
c Ответственность Г. Я. Волошин ; Моск. гос. ун-т сервиса
260 0_ a Место издания Москва
b Издательство Дело и Сервис
c Дата издания 2004
300 a Объем 319 с.
b Иллюстрации/ тип воспроизводства ил., табл.
504 a Библиография Библиогр.: с. 313. - Предм. указ.: с. 314-316.
583 a Действие Получение впервые 163 05.05.2006
k Исполнитель действия ООО "Кроун"
650 a Основная рубрика Экономика
x Основная подрубрика Оптимизации методы
x Основная подрубрика Кибернетические методы
x Основная подрубрика Математические методы
x Основная подрубрика Учебники для вузов
650 a Основная рубрика Экономико-математические методы и модели
653 a Ключевые слова Экономика
a Ключевые слова Методы оптимизации в экономике
a Ключевые слова Кибернетические методы в экономике
a Ключевые слова Математические методы в экономике
a Ключевые слова Экономико-математические методы
a Ключевые слова Экономико-математические модели
a Ключевые слова Математическая экономика
852 t Порядковый номер экземпляра 3
p Инвентарный номер 841226
p Инвентарный номер 841227
p Инвентарный номер 841228
863 t 00143570
863 t 00143571
863 t 00143572
888 a За счет средств университета
930 a Новая/Ретро учебники
952 p 163.2006 147.00 1 841226
p 163.2006 147.00 1 841227
p 163.2006 147.00 1 841228
c Вид литературы К ру
954 a Дата поступления на обработку 20060515
999 a Подразделение 2 Фил1